| 000 | 01719nam0a2200373 4500 | ||
|---|---|---|---|
| 001 | RU\NLR\bibl\128813 | ||
| 005 | 20260408192029.0 | ||
| 010 |
_a5-89289-055-4 _9200 |
||
| 021 |
_aRU _b2000-39587 _91821 |
||
| 035 | _a(NLR Aleph) 000126202 | ||
| 090 |
_a719844 _c719844 |
||
| 100 | _a20001204d1999 |||y0rusy50 ca | ||
| 101 | 0 | _arus | |
| 102 | _aRU | ||
| 105 | _ay ||||||||| | ||
| 200 | 1 |
_aЭкономика пищевой промышленности _eКрат. курс лекций _eДля студентов спец. 1706, 0702, 2102 дневной и заоч. форм обучения _fМ. М. Даниленко _gМ-во общ. и проф. образования РФ, Кемер. технол. ин-т пищевой пром-сти |
|
| 210 |
_aКемерово _cКемТИПП _d1999 |
||
| 215 |
_a54 с. _d20 |
||
| 320 | _aБиблиогр.: с. 54 | ||
| 606 |
_aПищевая промышленность _xЭкономика _jУчебные издания для высшей школы _3RU\NLR\auth\661263817 _92087647 |
||
| 606 |
_aПищевкусовая промышленность _xЭкономика _jРуководства, пособия и т.п. для высшей школы _3RU\NLR\auth\661288893 _92137831 |
||
| 610 | 0 | _aПищевые предприятия - Экономика | |
| 675 |
_a664/664:658(042.3) _v3 _zrus |
||
| 686 |
_a65 _2rugasnti |
||
| 686 |
_a65.304.25я73 _2rubbk |
||
| 686 | _aУ30(2)67я73 | ||
| 700 | 1 |
_aДаниленко _gМарина Ивановна _4070 |
|
| 801 | 0 |
_aRU _bRKP _c20001204 _gPSBO |
|
| 801 | 1 |
_aRU _bRKP _c20001204 |
|
| 801 | 2 |
_aRU _bNLR _c20010212 _grcr |
|
| 852 |
_aNLR _j2000-4/9023 |
||
| 942 | _cBOOK | ||
| 980 | _aNB | ||